Rekordtorschützen - Eintracht Frankfurt - Statistiken

Allgemein
  • Dieses Quiz wurde 63 mal gespielt
  • Das Durchschnittsergebnis liegt bei 8 aus 26
Antwortstatistiken
Trefferanzahl Spieler % Korrekt
212 Bernd Hölzenbein
79%
40 Luka Jović
75%
147 Jürgen Grabowski
68%
89 Anthony Yeboah
63%
137 Alexander Meier
56%
178 Bernd Nickel
54%
51 Karl-Heinz Körbel
54%
47 Uwe Bein
54%
45 André Silva
46%
58 Bum-kun Cha
46%
41 Andreas Möller
40%
49 Ioannis Amanatidis
32%
111 Alfred Pfaff
14%
111 Erwin Stein
12%
66 Eckehard Feigenspan
11%
80 Richard Kreß
9%
89 Wilhelm Huberts
9%
53 Hans Weilbächer
7%
81 Wolfgang Solz
7%
66 Dieter Lindner
5%
68 Rüdiger Wenzel
5%
43 Erich Bäumler
4%
49 Willi Kraus
4%
45 Wolfgang Kraus
4%
46 Hubert Schieth
2%
74 Lothar Schämer
2%
Keine übereinstimmenden Quizze gefunden
Verteilung der Resultate
Anzahl Personen mit jedem Resultat
Perzentil nach korrekt beantworteten Fragen
Ihre Resultats-Entwicklung
Sie haben dieses Quiz noch nicht gespielt